000 01745nam a22003254a 4500
001 35035
003 BD-RjUL
005 20211209052241.0
008 140520s2003 cau b 001 0 eng
020 _a0761922784 (cloth : acidfree paper : set)
035 _a(BD-RjUL)35129
040 _aDLC
_cDLC
_dDLC
_dBD-RjUL
_beng
041 _aeng
082 0 0 _a305.231
_221
_bHAN 2003
245 0 0 _aHandbook of applied developmental science :
_bpromoting positive child, adolescent, and family development through research, policies, and programs /
260 _aThousand Oaks, Calif. :
_bSage Publications,
_cc2003.
300 _aV. ;
_c27 cm.
504 _aIncludes bibliographical references and indexes.
505 0 _av. 1. Applying developmental science for youth and families : historical and theoretical foundations -- v. 2. Enhancing the life choices of youth and families : contributions of programs, policies, and service systems -- v. 3. Promoting positive youth and family development : community systems, citizenship, and civil society -- v. 4. Adding value to youth and family development : the engaged university and professional and academic outreach.
650 0 _aChild development.
_9106665
650 0 _aAdolescence.
_9106666
700 1 _aLerner, Richard M.
_9106667
700 1 _aJacobs, Francine.
_9106668
700 1 _aWertlieb, Donald.
_9106669
856 4 2 _3Publisher description
_uhttp://www.loc.gov/catdir/enhancements/fy0658/2002011869-d.html
856 4 1 _3Table of contents only
_uhttp://www.loc.gov/catdir/enhancements/fy0658/2002011869-t.html
856 4 2 _3Contributor biographical information
_uhttp://www.loc.gov/catdir/enhancements/fy0739/2002011869-b.html
942 _2ddc
_cBK
999 _c35035
_d35035